L'Espagne de A à Z - Statistiques

Statistiques générales
  • Ce quiz a été pris 113 fois
  • Le résultat moyen est 15 sur 24
Statistiques - réponses
Lettre Indice Réponse % Correct
B Langue traditionnelle d'un peuple autochtone qui s'étend de Bayonne à Bilbao Basque
95%
I Île de l'archipel des Baléares considerée comme la "capitale de la fête" Ibiza
85%
J Traduction pour Jean en Espagnol Juan
85%
M Pays situé au Sud de l'Espagne separé par le Détroit de Gibraltar Maroc
82%
V Troisième ville d'Espagne dotée d'un des plus grands aquarium d'Europe Valence
79%
T Amuse-gueules d'apéritif dînatoire, traditionnels de la cuisine espagnole, généralement composés d'une riche variété de préparations gustatives Tapas
78%
O Premier producteur au monde de cette huile fondamentale dans la cuisine méditerranéenne Olive
77%
G Ville de 230 000 habitants où se situe la première réponse, dans le Sud-Est de l'Andalousie Grenade
76%
S Monument emblématique de la ville de Barcelone, toujours en construction Sagrada Familia
74%
A Ensemble palatial constituant l'un des monuments majeurs de l'architecture mauresque Alhambra
67%
F Prénom du Roi d'Espagne depuis 2014 Felipe
67%
H Adjectif qui signifie : relatif à l'Espagne ou à l'Amérique espagnole Hispannique
66%
X Nom français pour la ville andalouse de Jerez non loin de Cadix Xérès
65%
L Ville espagnole, également partie du nom d'une province de Castille ou encore un modèle de la marque Seat León
60%
Y Nom d'un jeune prodige du foot espagnol révélé à l'Euro 2024 Yamal
59%
R Surnom de l'équipe Masculine de Football Espagnole Roja
57%
Q Le mot pour dire fromage en espagnol Queso
56%
N Communauté autonome d'Espagne qui a pour capitale Pampelune, frontalière avec la France Navarre
54%
E Jour ferié en Espagne le 6 janvier où les enfants reçoivent des cadeaux Epiphanie
52%
Z Nom espagnol pour la ville de Saragosse Zaragoza
51%
P Était l’unité monétaire principale de l'Espagne de 1868 à 2002 Peseta
48%
U L'__________ Complutense de Madrid est l'une des principales et plus prestigieuses d"Espagne Université
46%
D Fleuve de 897km qui part d'Espagne et où son embouchure se trouve à Porto au Portugal Douro
30%
C En 1859 il réalise son grand œuvre, le plan d’extension de Barcelone, l’Eixample, resté célèbre comme le Plan ____ Cerdà
4%
Aucun quiz correspondant
Distribution des résultats
% des personnes avec chaque résultat
Percentile par nombre de réponses
Votre historique - résultats
Vous n’avez pas pris ce quiz